000 00660nam a22002051 4500
003 OSt
005 20151117163038.0
008 910101s1975 sp r spa
020 _a84-276-1234-6
040 _cBMC
082 _a880
100 1 _aRodas, Apolonio de‏
_937278
245 1 3 _aEl viaje de los argonautas
_cApolonio de Rodas ; [traducción, introducción y notas, Carlos García Gual]
260 _aMadrid
_bEditora Nacional
_ccop. 1975
300 _a251 p.
_c18 cm
490 0 _aBiblioteca de la Literatura y el Pensamiento Universales
_v3
650 2 4 _928503
_aLiteratura griega
700 1 _aGarcía Gual, Carlos
_920570
942 _2ddc
_cBK
999 _c23499
_d23499